Statistics for Pen Pineapple Apple Pen (PPAP) Lyrics

Click here to take the quiz!

General Stats

  • This quiz has been taken 333 times
  • The average score is 22 of 25

Answer Stats

Lyrics% Correct
I
97%
pen,
97%
a
96%
have
95%
have
95%
I
95%
an
93%
apple,
93%
a
92%
Apple
92%
I
92%
pen!
92%
have
91%
pen,
91%
have
90%
I
90%
pineapple,
89%
pen!
88%
Pineapple
88%
pen...
85%
Apple
84%
pen...
84%
Pineapple
84%
Pen-Pineapple-Apple-Pen!
77%
PPAP
68%

Score Distribution

Percentile by Number Answered

Percent of People with Each Score

Your Score History

You have not taken this quiz